| 000 | 00961nam a22002177a 4500 | ||
|---|---|---|---|
| 003 | NALT | ||
| 005 | 20251125232921.0 | ||
| 008 | s2511 th tha d | ||
| 040 | _aNALT | ||
| 041 | _atha | ||
| 090 | _aอศ ศ252ก 2511 | ||
| 245 | 0 | 0 | _aกฎหมายว่าด้วยสัญญา. |
| 260 |
_aพระนคร : _bโรงพิมพ์ของสมาคมสังคมศาสตร์แห่งประเทศไทย, _c2511. |
||
| 300 |
_a68 หน้า : _bภาพประกอบ ; _c26 ซม. |
||
| 600 | 0 | 4 |
_957600 _aศรีวิสารวาจา, _cพระยา _xชีวประวัติ |
| 650 | 4 |
_aกฎหมายแพ่งและพาณิชย์ _931958 _xสัญญา |
|
| 850 | _aNALT | ||
| 856 | 4 | 0 | _uhttps://hdl.handle.net/20.500.14156/515118 |
| 942 |
_cCRE _2local |
||
| 998 |
_bVSINEE _cDAO _j1020 _k จำเรียง ระวังสำโรง |
||
| 999 |
_c23277 _d23277 |
||